[Event "Reykjavik op"]
[Site "Reykjavik"]
[Date "2024.03.18"]
[Round "6"]
[White "Imam Sadeque, Ali"]
[Black "Hill, Andy"]
[Result "1/2-1/2"]
[WhiteElo "1652"]
[BlackElo "1926"]
[PlyCount "148"]
[EventDate "2024.03.15"]
[EventType "swiss"]
[EventRounds "9"]
[EventCountry "ISL"]
[SourceTitle "CB13_2024"]
[SourceDate "2024.03.27"]
[SourceVersion "1"]
[SourceVersionDate "2024.03.27"]
[SourceQuality "1"]

1. d4 Nf6 2. Bg5 g6 3. Bxf6 exf6 4. e3 d5 5. c4 dxc4 6. Bxc4 Bd6 7. Nf3 0-0 8. 0-0 a6 9. a3 b5 10. Ba2 Bb7 11. Nbd2 f5 12. Qc2 Nd7 13. e4 fxe4 14. Nxe4 Bf4 15. h4 Nb6 16. Neg5 Bd5 17. Bxd5 Qxd5 18. Qe4 Qxe4 19. Nxe4 Nd5 20. Rfe1 Rad8 21. Nc5 a5 22. Nb7 Ra8 23. Ne5 a4 24. Nc5 Rfe8 25. Nc6 Nb6 26. Nd3 Rxe1+ 27. Rxe1 Bd6 28. Nde5 f6 29. Nd3 Kf7 30. g3 Nc4 31. Re2 h5 32. Kf1 Na5 33. Nxa5 Rxa5 34. Nc5 Ra8 35. Ne4 Be7 36. Rc2 Rc8 37. d5 f5 38. d6 fxe4 39. Rxc7 Re8 40. Ke2 Kf6 41. Rxe7 Rd8 42. Rxe4 Rxd6 43. Rb4 Rd5 44. Ke3 Ke5 45. Re4+ Kf5 46. f3 Kf6 47. g4 hxg4 48. fxg4 Rc5 49. Kd3 Kf7 50. Ke3 Kf6 51. Kf4 Rc2 52. Rb4 Rc5 53. g5+ Ke6 54. Kg4 Kf7 55. h5 gxh5+ 56. Kxh5 Kg7 57. b3 axb3 58. Rxb3 Rd5 59. Rc3 Rd1 60. Rc7+ Kf8 61. Kh6 Rh1+ 62. Kg6 Ra1 63. Rc3 Ra2 64. Rf3+ Kg8 65. Kf6 Rb2 66. g6 Rb1 67. Rg3 Rf1+ 68. Ke5 Kg7 69. Kd5 Rc1 70. Kd6 Rc2 71. Rg5 Rc3 72. Rxb5 Rxa3 73. Rg5 Ra6+ 74. Kc7 Rxg6 1/2-1/2

[Event "Reykjavik op"]
[Site "Reykjavik"]
[Date "2024.03.17"]
[Round "4"]
[White "Pigott, John C"]
[Black "Hill, Andy"]
[Result "1-0"]
[WhiteElo "2326"]
[BlackElo "1926"]
[PlyCount "95"]
[EventDate "2024.03.15"]
[EventType "swiss"]
[EventRounds "9"]
[EventCountry "ISL"]
[SourceTitle "CB13_2024"]
[SourceDate "2024.03.27"]
[SourceVersion "1"]
[SourceVersionDate "2024.03.27"]
[SourceQuality "1"]

1. c4 Nf6 2. Nc3 g6 3. e4 d6 4. d4 Bg7 5. Be2 0-0 6. Be3 Nbd7 7. Nf3 e5 8. 0-0 Qe7 9. Qc2 c6 10. Rad1 Re8 11. d5 c5 12. Kh1 Kh8 13. Bg5 a6 14. a4 b6 15. a5 bxa5 16. Ra1 h6 17. Bd2 Rf8 18. g3 Ng8 19. Nh4 Qd8 20. Nd1 Bf6 21. Ng2 Qe8 22. Bxa5 Bd8 23. Bc3 Kh7 24. Nde3 Rb8 25. Bd3 h5 26. Rae1 Nb6 27. b3 Bd7 28. Ra1 Bc8 29. f4 f6 30. Nh4 Nh6 31. f5 g5 32. Ng6 Rg8 33. Qe2 g4 34. h3 Nd7 35. hxg4 Rxg6 36. fxg6+ Qxg6 37. gxh5 Qxg3 38. Rf2 Nf8 39. Rg1 Qh3+ 40. Rh2 Qd7 41. Bc2 Qf7 42. Rg3 Bd7 43. Rhg2 Be8 44. Bd1 Qd7 45. Bd2 f5 46. Nxf5 Nxf5 47. exf5 Bf6 48. Qe3 1-0

[Event "Frome op 32nd"]
[Site "Frome"]
[Date "2023.05.14"]
[Round "4"]
[White "Riis, Soren"]
[Black "Hill, Andy"]
[Result "1-0"]
[WhiteElo "2300"]
[BlackElo "1833"]
[PlyCount "51"]
[EventDate "2023.05.12"]
[EventType "swiss"]
[EventRounds "5"]
[EventCountry "ENG"]
[SourceTitle "EXT 2024"]
[Source "ChessBase"]
[SourceDate "2023.10.10"]
[SourceVersion "1"]
[SourceVersionDate "2023.10.10"]
[SourceQuality "1"]

1. d4 Nf6 2. c4 g6 3. Nc3 Bg7 4. e4 d6 5. Be2 0-0 6. Nf3 Nbd7 7. 0-0 e5 8. Re1 Re8 9. Bf1 a6 10. a3 exd4 11. Nxd4 Nc5 12. f3 a5 13. Be3 a4 14. Qc2 c6 15. Rad1 Nfd7 16. Qd2 Be5 17. Nde2 Nb3 18. Qc2 Ndc5 19. f4 Bg7 20. Ng3 Qe7 21. h3 h5 22. Qf2 h4 23. Nge2 Bf6 24. Nd4 Bd7 25. Nxb3 axb3 26. e5 1-0

[Event "Reykjavik op"]
[Site "Reykjavik"]
[Date "2023.04.03"]
[Round "8"]
[White "Hill, Andy"]
[Black "Petursson, Gudni Stefan"]
[Result "1/2-1/2"]
[WhiteElo "1802"]
[BlackElo "2020"]
[PlyCount "159"]
[EventDate "2023.03.29"]
[EventType "swiss"]
[EventRounds "9"]
[EventCountry "ISL"]
[SourceTitle "EXT 2024"]
[Source "ChessBase"]
[SourceDate "2023.10.10"]
[SourceVersion "1"]
[SourceVersionDate "2023.10.10"]
[SourceQuality "1"]

1. Nf3 Nf6 2. c4 e6 3. e3 d5 4. Nc3 Be7 5. b3 0-0 6. Bb2 c5 7. cxd5 exd5 8. d4 Nc6 9. Be2 Bg4 10. dxc5 Bxc5 11. 0-0 a6 12. Nd4 Be6 13. Na4 Bd6 14. Nxc6 bxc6 15. Rc1 Qc7 16. Bxf6 gxf6 17. Bd3 Kg7 18. Qh5 Rh8 19. Rc2 Bd7 20. Qh4 Qd8 21. f4 Qe7 22. Rf3 Kf8 23. Qh6+ Ke8 24. Qg7 Rf8 25. Qxh7 Rb8 26. Re2 Bg4 27. Bxa6 Bxf3 28. gxf3 Bc5 29. Kf2 Ba7 30. Qc2 Kd7 31. Bd3 Qb4 32. Bf5+ Kd6 33. Qd3 Rh8 34. h3 Rhe8 35. Kf1 Qb5 36. Kf2 Qxd3 37. Bxd3 Rb4 38. f5 Rh4 39. Nc3 Rxh3 40. Nd1 Rh2+ 41. Ke1 Rxe2+ 42. Kxe2 Bc5 43. e4 Rh8 44. Kd2 Rh2+ 45. Be2 Rh8 46. Nb2 Ra8 47. a4 Bb4+ 48. Ke3 Rb8 49. Bd1 Ba5 50. Nd3 Bb6+ 51. Kd2 Rh8 52. b4 Rh2+ 53. Kc3 Rh4 54. exd5 Bd4+ 55. Kc4 Be5+ 56. Kb3 Kxd5 57. Bc2 Bd4 58. Nc1 Kd6 59. Be4 Ba7 60. Nd3 Rh8 61. Nb2 Kc7 62. Nc4 Rd8 63. b5 cxb5 64. axb5 Bc5 65. Nb2 Kb6 66. Bc6 Bg1 67. Kb4 Bc5+ 68. Kc4 Rd4+ 69. Kc3 Kc7 70. Nc4 Rf4 71. Be4 Bb6 72. Nxb6 Kxb6 73. Kd4 Rh4 74. Kd5 Kxb5 75. Kd6 Kc4 76. Bd5+ Kd4 77. Bxf7 Rf4 78. Ke6 Rxf3 79. Kxf6 Rxf5+ 80. Kxf5 1/2-1/2

[Event "Reykjavik op"]
[Site "Reykjavik"]
[Date "2023.03.31"]
[Round "4"]
[White "Hill, Andy"]
[Black "Hoffmann, Sebastian1111"]
[Result "1/2-1/2"]
[WhiteElo "1802"]
[BlackElo "2108"]
[PlyCount "168"]
[EventDate "2023.03.29"]
[EventType "swiss"]
[EventRounds "9"]
[EventCountry "ISL"]
[SourceTitle "CBM 213 Extra"]
[Source "ChessBase"]
[SourceDate "2023.05.31"]
[SourceVersion "1"]
[SourceVersionDate "2023.05.31"]
[SourceQuality "1"]

1. Nf3 Nf6 2. c4 g6 3. d4 Bg7 4. g3 d5 5. cxd5 Nxd5 6. Bg2 Nb6 7. 0-0 Nc6 8. e3 0-0 9. Nc3 Re8 10. Nh4 a5 11. f4 a4 12. Kh1 a3 13. b3 Nb4 14. Ne4 N6d5 15. Qd2 Nxe3 16. Qxb4 Nxf1 17. Bxf1 Qxd4 18. Qxd4 Bxd4 19. Rb1 Bd7 20. Bg2 Bc6 21. Bd2 f5 22. Nc3 e5 23. Bxc6 bxc6 24. Nf3 Bxc3 25. Bxc3 exf4 26. Ne5 fxg3 27. hxg3 Rad8 28. Re1 Rd5 29. Kg2 Rc5 30. Nc4 Rxe1 31. Bxe1 Rd5 32. Nxa3 Rd1 33. Bc3 Kf7 34. Nc4 Ke6 35. Bb2 Rd3 36. Be5 g5 37. Kf2 Kd5 38. Ke2 Ke4 39. Bxc7 Rd7 40. Bb6 f4 41. gxf4 Kxf4 42. Be3+ Kf5 43. a4 h5 44. a5 h4 45. Kf2 Rh7 46. Kg2 g4 47. Bg1 Kf4 48. Kh2 Re7 49. Be3+ Kf3 50. a6 c5 51. b4 cxb4 52. a7 Re8 53. Nd6 Rg8 54. Bd4 g3+ 55. Kh3 b3 56. Nc4 Ke4 57. Be5 Ra8 58. Bb8 Kf3 59. Nd2+ Kf2 60. Nxb3 g2 61. Bh2 g1Q 62. Bxg1+ Kxg1 63. Kxh4 Rxa7 64. Kg4 Rc7 65. Kf5 Kf2 66. Ke5 Ke3 67. Kd5 Rb7 68. Nc5 Rb4 69. Ne6 Ra4 70. Nc5 Rh4 71. Ne6 Rh5+ 72. Kc4 Re5 73. Nc5 Rh5 74. Ne6 Rh4+ 75. Kd5 Kd3 76. Nc5+ Kc3 77. Ne4+ Kb4 78. Kd4 Rh8 79. Nd6 Rh1 80. Ne4 Rd1+ 81. Ke5 Kc4 82. Nd6+ Kd3 83. Kd5 Rd2 84. Ke5 Ra2 1/2-1/2

[Event "Guernsey op 46th"]
[Site "St James"]
[Date "2022.10.17"]
[Round "2"]
[White "Hill, Andy"]
[Black "Onslow, Alfie"]
[Result "0-1"]
[WhiteElo "1896"]
[BlackElo "2115"]
[PlyCount "52"]
[EventDate "2022.10.16"]
[EventType "swiss"]
[EventRounds "7"]
[EventCountry "GCI"]
[SourceTitle "EXT 2024"]
[Source "ChessBase"]
[SourceDate "2023.10.10"]
[SourceVersion "1"]
[SourceVersionDate "2023.10.10"]
[SourceQuality "1"]

1. Nf3 d5 2. e3 Nf6 3. c4 e6 4. Nc3 Be7 5. b3 0-0 6. Bb2 c5 7. cxd5 exd5 8. d4 Ne4 9. Nxe4 dxe4 10. Nd2 cxd4 11. Bxd4 Nc6 12. Bc3 Bb4 13. Qc2 Bf5 14. a3 Bxc3 15. Qxc3 Qg5 16. h4 Qe7 17. Be2 Rac8 18. Qb2 Ne5 19. h5 Qf6 20. Kf1 Rfd8 21. Rd1 Rd5 22. Nb1 Rxd1+ 23. Bxd1 Qd6 24. Be2 Nd3 25. Bxd3 exd3 26. Qd2 Rc2 0-1

[Event "Guernsey op 46th"]
[Site "St James"]
[Date "2022.10.16"]
[Round "1"]
[White "Royle, Nick"]
[Black "Hill, Andy"]
[Result "0-1"]
[WhiteElo "1482"]
[BlackElo "1896"]
[PlyCount "52"]
[EventDate "2022.10.16"]
[EventType "swiss"]
[EventRounds "7"]
[EventCountry "GCI"]
[SourceTitle "EXT 2024"]
[Source "ChessBase"]
[SourceDate "2023.10.10"]
[SourceVersion "1"]
[SourceVersionDate "2023.10.10"]
[SourceQuality "1"]

1. e4 e6 2. b3 d5 3. Bb2 Nf6 4. exd5 exd5 5. d4 Bd6 6. Qe2+ Be6 7. Nc3 0-0 8. 0-0-0 Re8 9. Qd3 Qd7 10. Re1 Na6 11. f3 Bf4+ 12. Kb1 Bf5 13. Rxe8+ Rxe8 14. Qd1 Nb4 15. Bd3 Bxd3 16. cxd3 Qf5 17. Nh3 Be3 18. a3 Qxd3+ 19. Ka1 Qa6 20. Na4 Nd3 21. Nc5 Nxc5 22. dxc5 Bxc5 23. b4 Bxb4 24. Qb3 Bd6 25. Bxf6 gxf6 26. Ka2 Re2+ 0-1

[Event "Leamington Spa 4NCL op-A 28th"]
[Site "Leamington Spa"]
[Date "2022.07.10"]
[Round "4"]
[White "Hill, Andy"]
[Black "Arora, Tashika"]
[Result "1-0"]
[WhiteElo "1873"]
[BlackElo "1935"]
[PlyCount "101"]
[EventDate "2022.07.08"]
[EventType "swiss"]
[EventRounds "5"]
[EventCountry "ENG"]
[SourceTitle "CBM 209 Extra"]
[Source "ChessBase"]
[SourceDate "2022.09.30"]
[SourceVersion "1"]
[SourceVersionDate "2022.09.30"]
[SourceQuality "1"]

1. Nf3 Nf6 2. c4 e6 3. e3 b6 4. Nc3 Bb7 5. Be2 Be7 6. 0-0 0-0 7. Qc2 h6 8. b3 c5 9. d4 d5 10. dxc5 Bxc5 11. Rd1 Qe7 12. cxd5 Nxd5 13. Nxd5 exd5 14. Bb2 Nd7 15. Nd4 g6 16. Qc3 f6 17. Qc2 Kh7 18. h4 Rac8 19. Qb1 f5 20. h5 Bxd4 21. hxg6+ Kxg6 22. Rxd4 h5 23. Qd1 Qg5 24. Bf3 Nf6 25. Ba3 Rf7 26. Bd6 Kh7 27. Bg3 Ne4 28. Bf4 Qf6 29. Bxh5 Rg7 30. Bf3 Nc3 31. Qf1 a6 32. a4 Ne4 33. Bxe4 fxe4 34. Rc1 Rh8 35. f3 Kg8 36. fxe4 Rgh7 37. Kf2 a5 38. Qb5 Qh4+ 39. Ke2 Qg4+ 40. Kd3 dxe4+ 41. Kc3 Qc8+ 42. Kb2 Qf8 43. Qxb6 Re7 44. Rd8 Re8 45. Rxe8 Qxe8 46. Qxb7 Rh7 47. Qd5+ Kf8 48. Bd6+ Kg7 49. Qg5+ Kf7 50. Rc7+ Ke6 51. Qe5# 1-0